000 00878nas a2200289 4500
001 BR0202694
003 BR-BrBNA
005 20231205103008.0
007 ta
008 230509b bl.|||p| |||| 00| 00por d
040 _aBR-BrBNA
_bpor
_cBiblioteca Nacional de Agricultura
041 _a(Pt)
072 _aL53
100 1 _aPereira, C.Z.
100 1 _aVasconcelos, J.L.M.
100 1 _aBerto, D.A.
100 1 _aAlessandri, A.M.M.
100 1 _aMorais, M.N.P.
245 1 _aSincronização da ovulação em fêmeas suínas submetidas ao desmame precoce
650 _aPORCA
650 _aOVULAÇÃO
650 _aDESMAMA PRECOCE
650 _aPRENHEZ
773 0 _tArquivo Brasileiro de Medicina Veterinária e Zootecnia (Brazil)
_xISSN 0102-0935
_g(Aug 2001), v. 53(4) p. 465-469
_wBR0202694
909 _a202311
_bLúcia
_c55
_dLúcia Elande
942 _2AGRIS
_n0
_cANA
999 _c170456
_d170456